|
|
|
|
| LEADER |
03481nam a22004333i 4500 |
| 001 |
EBC5611428 |
| 003 |
MiAaPQ |
| 005 |
20231204023214.0 |
| 006 |
m o d | |
| 007 |
cr cnu|||||||| |
| 008 |
231204s2018 xx o ||||0 eng d |
| 020 |
|
|
|a 9783319974699
|q (electronic bk.)
|
| 020 |
|
|
|z 9783319974682
|
| 035 |
|
|
|a (MiAaPQ)EBC5611428
|
| 035 |
|
|
|a (Au-PeEL)EBL5611428
|
| 035 |
|
|
|a (CaPaEBR)ebr11642122
|
| 035 |
|
|
|a (OCoLC)1084387469
|
| 040 |
|
|
|a MiAaPQ
|b eng
|e rda
|e pn
|c MiAaPQ
|d MiAaPQ
|
| 050 |
|
4 |
|a JN1-9692.2
|
| 082 |
0 |
|
|a 323.04208350941
|
| 100 |
1 |
|
|a Sloam, James.
|
| 245 |
1 |
0 |
|a Youthquake 2017 :
|b The Rise of Young Cosmopolitans in Britain.
|
| 250 |
|
|
|a 1st ed.
|
| 264 |
|
1 |
|a Cham :
|b Springer International Publishing AG,
|c 2018.
|
| 264 |
|
4 |
|c ©2019.
|
| 300 |
|
|
|a 1 online resource (137 pages)
|
| 336 |
|
|
|a text
|b txt
|2 rdacontent
|
| 337 |
|
|
|a computer
|b c
|2 rdamedia
|
| 338 |
|
|
|a online resource
|b cr
|2 rdacarrier
|
| 490 |
1 |
|
|a Palgrave Studies in Young People and Politics Series
|
| 505 |
0 |
|
|a Intro -- Acknowledgements -- Praise for Youthquake 2017 -- Contents -- List of Figures -- List of Tables -- Chapter 1: Introduction -- From Democratic Decline to Youthquake -- Youthquakes and Young Cosmopolitans -- Organisation of the Book -- References -- Chapter 2: Rejuvenating Politics: Young Political Participation in a Changing World -- Shifting Tectonic Plates -- Theories of Youth Participation -- The Rise of Postmaterialism -- Young Cosmopolitans -- Summary -- References -- Chapter 3: The Silent Revolution in Youth Political Engagement -- Youth Political (Dis-)Engagement: Parties Fail to Connect -- Youth Political Apathy or Engaged Scepticism? -- The Silent Revolution in Youth Political Engagement -- Postmaterialism and Contemporary Advanced Industrial Societies -- Who Are the Young British Postmaterialists? -- Explaining Youth Political Engagement: Socio-demographic and Postmaterialist Value Cleavages -- Summary -- References -- Chapter 4: Young Cosmopolitans Against Brexit -- Populism, Cosmopolitanism and the Question of Europe -- Youth Engagement in the EU Referendum -- The Role of Age and Social Status in the EU Referendum -- Young Remainers as Young Cosmopolitans -- Young People Politically Energised by Brexit -- Summary -- References -- Chapter 5: Youthquake: Young People and the 2017 General Election -- Political Parties and the Mobilization of Young Voters -- Turning Out -- Turning Left -- The Policy Priorities of Young Millennials -- The Youthquake Debate -- Summary -- References -- Chapter 6: Conclusion -- Youth and Political Action -- Explaining Intragenerational Inequalities in Youth Politics -- The Youthquake -- Youthquake and a Cultural Backlash? -- Democracy at a Crossroads -- References -- Index.
|
| 588 |
|
|
|a Description based on publisher supplied metadata and other sources.
|
| 590 |
|
|
|a Electronic reproduction. Ann Arbor, Michigan : ProQuest Ebook Central, 2023. Available via World Wide Web. Access may be limited to ProQuest Ebook Central affiliated libraries.
|
| 655 |
|
4 |
|a Electronic books.
|
| 700 |
1 |
|
|a Henn, Matt.
|
| 776 |
0 |
8 |
|i Print version:
|a Sloam, James
|t Youthquake 2017
|d Cham : Springer International Publishing AG,c2018
|z 9783319974682
|
| 797 |
2 |
|
|a ProQuest (Firm)
|
| 830 |
|
0 |
|a Palgrave Studies in Young People and Politics Series
|
| 856 |
4 |
0 |
|u https://ebookcentral.proquest.com/lib/matrademy/detail.action?docID=5611428
|z Click to View
|